Vplyv krajín G20 v globálnej ekonomike: genéza a perspektívy skupiny
Historické súvislosti a príčiny vzniku G20. Členstvo a participácia vo svetovej ekonomike. Ciele G20. Perspektívy G20. Systém riadenia G20.
Na minha lista:
| Autor principal: | |
|---|---|
| Formato: | Capítulo de Livro |
| Idioma: | eslovaco |
| Assuntos: | |
| Tags: |
Sem tags, seja o primeiro a adicionar uma tag!
|
MARC
| LEADER | 00000naa$a2200000$$$4500 | ||
|---|---|---|---|
| 001 | 0258361 | ||
| 005 | 20240717114919.4 | ||
| 041 | 0 | |a slo | |
| 044 | |a SK | ||
| 245 | 1 | 0 | |a Vplyv krajín G20 v globálnej ekonomike: genéza a perspektívy skupiny |c Ingrid Brocková |
| 520 | |a Historické súvislosti a príčiny vzniku G20. Členstvo a participácia vo svetovej ekonomike. Ciele G20. Perspektívy G20. Systém riadenia G20. | ||
| 610 | 2 | 0 | |a kríza finančná |
| 610 | 2 | 0 | |a kríza hospodárska |
| 610 | 2 | 0 | |a štandardy |
| 100 | 1 | |a Brocková, Ingrid | |